00318nam a2200121Ia 4500008004100000041000800041082001400049100001700063245003600080260004000116300003100156365000900187240624s9999 xx 000 0 und d aeng a658.3 EHI aEHIN CHARLES aUNLEASHING INTELLECTUAL CAPITAL c2000aBostonbButterworth Heinemann axix, : 200 : p. : cm. ; 23 cb30